New York holiday / (Record no. 69883)
[ view plain ]
| 000 -LEADER | |
|---|---|
| fixed length control field | 00619nam a2200217 a 4500 |
| 001 - CONTROL NUMBER | |
| control field | 69883 |
| 003 - CONTROL NUMBER IDENTIFIER | |
| rucl marc code | BD-RjUL |
| 005 - DATE AND TIME OF LATEST TRANSACTION | |
| control field | 20211209081933.0 |
| 008 - FIXED-LENGTH DATA ELEMENTS--GENERAL INFORMATION | |
| fixed length control field | 170415s1950 nyu 001 0 eng |
| 035 ## - SYSTEM CONTROL NUMBER | |
| System control number | (BD-RjUL)70095 |
| 040 ## - CATALOGING SOURCE | |
| Original cataloging agency | DLC |
| Transcribing agency | FM |
| Modifying agency | BD-RjUL |
| Language of cataloging | eng |
| 041 ## - LANGUAGE CODE | |
| Language code of text/sound track or separate title | eng |
| 082 ## - DEWEY DECIMAL CLASSIFICATION NUMBER | |
| Classification number | 917.47 |
| Edition number | 23 |
| Author mark and year | EAN 1950 |
| 100 1# - MAIN ENTRY--PERSONAL NAME | |
| Personal name | Early, Eleanor. |
| 9 (RLIN) | 206958 |
| 245 10 - TITLE STATEMENT | |
| Title | New York holiday / |
| Statement of responsibility, etc. | Eleanor Early |
| 260 ## - PUBLICATION, DISTRIBUTION, ETC. (IMPRINT) | |
| Place of publication, distribution, etc. | New York : |
| Name of publisher, distributor, etc. | Rinehart, |
| Date of publication, distribution, etc. | c1950 |
| 300 ## - PHYSICAL DESCRIPTION | |
| Pagination | 376 p. ; |
| Size | 21 cm. |
| 651 #0 - SUBJECT ADDED ENTRY--GEOGRAPHIC NAME | |
| Geographic name | New York (N.Y.) |
| Form subdivision | Guidebooks. |
| 9 (RLIN) | 206959 |
| Geographic name | Harlem (New York, N.Y.) |
| General subdivision | Description and travel. |
| 9 (RLIN) | 206960 |
| 942 ## - ADDED ENTRY ELEMENTS (KOHA) | |
| Source of classification or shelving scheme | Dewey Decimal Classification |
| Koha item type | Books |
| Lost status | Source of classification or shelving scheme | Damaged status | Not for loan | Collection code | Permanent Location | Current Location | Shelving location | Date acquired | Source of acquisition | Total Checkouts | Full call number | Date last seen | Copy number | Koha item type |
|---|---|---|---|---|---|---|---|---|---|---|---|---|---|---|
| Dewey Decimal Classification | Not For Loan | Non-fiction | Central Library, University of Rajshahi | Central Library, University of Rajshahi | Reading Room | 26/02/1958 | U.S.I.S. | 917.47 EAN 1950 | 15/04/2017 | C-1 | Books |